Нелинейный анализ и асимптотические методы малого параметра: учебное пособие для вузов

Podrobná bibliografie
Hlavní autor: Тер-Крикоров А. М. Александр Мартынович
Korporativní autor: Московский физико-технический институт (МФТИ)
Shrnutí:Рассматриваются элементы нелинейного анализа и асимптотических методов малого параметра. На языке функционального анализа излагаются обобщения основных понятий классического математического анализа, приводятся методы приближенного решения нелинейных уравнений, основанные на процедуре последовательных приближений и на представлении решения в виде сходящихся или асимптотических рядов по степеням малого параметра. Предназначено для студентов старших курсов физико-математических, физико-технических и экономических специальностей, повышающих подготовку по прикладной математике в рамках инновационно-образовательной программы.
Jazyk:ruština
Vydáno: Москва, МФТИ, 2007
Témata:
Médium: MixedMaterials Kniha
KOHA link:https://koha.lib.tpu.ru/cgi-bin/koha/opac-detail.pl?biblionumber=119077

MARC

LEADER 00000nam0a2200000 4500
001 119077
005 20231031124418.0
010 |a 574170168X 
035 |a (RuTPU)RU\TPU\book\128854 
090 |a 119077 
100 |a 20070621d2007 m y0rusy50 ca 
101 0 |a rus 
102 |a RU 
105 |a y j 001zy 
200 1 |a Нелинейный анализ и асимптотические методы малого параметра  |e учебное пособие для вузов  |f А. М. Тер-Крикоров  |g Московский физико-технический институт (МФТИ) 
210 |a Москва  |c МФТИ  |d 2007 
215 |a 284 с. 
320 |a Библиогр.: с. 281. 
320 |a Предметный указатель: с. 282-284. 
330 |a Рассматриваются элементы нелинейного анализа и асимптотических методов малого параметра. На языке функционального анализа излагаются обобщения основных понятий классического математического анализа, приводятся методы приближенного решения нелинейных уравнений, основанные на процедуре последовательных приближений и на представлении решения в виде сходящихся или асимптотических рядов по степеням малого параметра. Предназначено для студентов старших курсов физико-математических, физико-технических и экономических специальностей, повышающих подготовку по прикладной математике в рамках инновационно-образовательной программы. 
610 1 |a математический анализ 
610 1 |a функциональный анализ 
610 1 |a нелинейный анализ 
610 1 |a малые параметры 
610 1 |a асимптотические методы 
610 1 |a нормированные пространства 
610 1 |a сжатые отображения 
610 1 |a аналитические функции 
610 1 |a уравнения 
610 1 |a учебные пособия 
675 |a 517.988(075.8)  |v 3 
700 1 |a Тер-Крикоров  |b А. М.  |g Александр Мартынович 
712 0 2 |a Московский физико-технический институт (МФТИ)  |2 stltpush  |3 (RuTPU)RU\TPU\col\222 
801 1 |a RU  |b 63413507  |c 20070621  |g PSBO 
801 2 |a RU  |b 63413507  |c 20120504  |g PSBO 
900 |a Функциональный анализ 
900 |a Математический анализ 
942 |c BK 
951 |a 510000 
959 |a 47/20070604  |d 2  |e 270,00  |f АНЛ:1  |f ЧЗТЛ:1